000 00329nam a2200133Ia 4500
005 20251222144722.0
008 251222s9999||||xx |||||||||||||| ||spa||
020 _a978849245345
082 _a332.456/G23
100 _aGarcía Estévez, Pablo
245 0 _aMercados Financieros Internacionales
264 _bDelta
942 _cLIB
999 _c18261
_d18261